Proceedings of the fourth International Congress on Mental Health / (Record no. 67131)
[ view plain ]
| 000 -LEADER | |
|---|---|
| fixed length control field | 00705nam a2200229 a 4500 |
| 001 - CONTROL NUMBER | |
| control field | 67131 |
| 003 - CONTROL NUMBER IDENTIFIER | |
| rucl marc code | BD-RjUL |
| 005 - DATE AND TIME OF LATEST TRANSACTION | |
| control field | 20211209081623.0 |
| 008 - FIXED-LENGTH DATA ELEMENTS--GENERAL INFORMATION | |
| fixed length control field | 170322s1951 nmu||||| |||| 001 0 eng d |
| 035 ## - SYSTEM CONTROL NUMBER | |
| System control number | (BD-RjUL)67262 |
| 040 ## - CATALOGING SOURCE | |
| Original cataloging agency | BD-RjUL |
| Language of cataloging | eng |
| Transcribing agency | BD-RjUL |
| Modifying agency | BD-RjUL |
| 041 ## - LANGUAGE CODE | |
| Language code of text/sound track or separate title | eng |
| 082 ## - DEWEY DECIMAL CLASSIFICATION NUMBER | |
| Edition number | 23 |
| Classification number | 131 |
| Author mark and year | MIP 1951 |
| 100 ## - MAIN ENTRY--PERSONAL NAME | |
| Personal name | Millan, Alfonso |
| 9 (RLIN) | 198872 |
| 245 ## - TITLE STATEMENT | |
| Title | Proceedings of the fourth International Congress on Mental Health / |
| Statement of responsibility, etc. | Alfonso Millan |
| 260 ## - PUBLICATION, DISTRIBUTION, ETC. (IMPRINT) | |
| Place of publication, distribution, etc. | Mexico : |
| Name of publisher, distributor, etc. | La Prensa Medica Meseicon, |
| Date of publication, distribution, etc. | 1951. |
| 300 ## - PHYSICAL DESCRIPTION | |
| Pagination | 386 p. ; |
| Size | 24 cm. |
| 500 ## - GENERAL NOTE | |
| General note | Include Index. |
| 650 ## - SUBJECT ADDED ENTRY--TOPICAL TERM | |
| Topical term or geographic name as entry element | Parapsychological and occult methods for achieving |
| 9 (RLIN) | 198873 |
| Topical term or geographic name as entry element | Happiness |
| 9 (RLIN) | 198874 |
| 942 ## - ADDED ENTRY ELEMENTS (KOHA) | |
| Source of classification or shelving scheme | Dewey Decimal Classification |
| Koha item type | Books |
| Lost status | Source of classification or shelving scheme | Damaged status | Not for loan | Collection code | Permanent Location | Current Location | Shelving location | Date acquired | Source of acquisition | Cost, normal purchase price | Total Checkouts | Full call number | Date last seen | Copy number | Koha item type |
|---|---|---|---|---|---|---|---|---|---|---|---|---|---|---|---|
| Dewey Decimal Classification | Not For Loan | Non-fiction | Central Library, University of Rajshahi | Central Library, University of Rajshahi | Reading Room | 09/12/2021 | Prot. Zaidi | 13.60 | 131 MIP 1951 | 22/03/2017 | C-1 | Books |